000 00637nam a2200157Ia 4500
008 231221s9999 xx 000 0 und d
020 _a978-3-540-85099-1
041 _aEnglish
100 _aChristian Peter, Russell Beale
245 0 _aAffect and Emotion in Human-Computer Interaction
260 _c2008
_bSpringer US
_aNew York
440 _aLecture Notes in Computer Science
650 _aComputer Imaging, Vision, Pattern Recognition and Graphics; Pattern Recognition; Artificial Intelligence (incl. Robotics); Image Processing and Computer Vision; Biometrics; Computer Applications
650 _aComputer Science
942 _cEB
999 _c222541
_d222541